[Event "Muensterland Regionalliga Gr1 2223"]
[Site "Germany"]
[Date "2022.11.05"]
[Round "3.8"]
[White "Fehlings, Gerd"]
[Black "Kessens, Felix Magnus"]
[Result "1/2-1/2"]
[WhiteElo "1750"]
[BlackElo "1703"]
[PlyCount "125"]
[EventDate "2022.09.03"]
[EventType "team-tourn"]
[EventRounds "7"]
[EventCountry "GER"]
[SourceTitle "EXT 2024"]
[Source "ChessBase"]
[SourceDate "2023.10.10"]
[SourceVersion "1"]
[SourceVersionDate "2023.10.10"]
[SourceQuality "1"]
[WhiteTeam "Emsdetten Rochade"]
[BlackTeam "Saerbeck"]
[WhiteTeamCountry "GER"]
[BlackTeamCountry "GER"]

1. d4 Nf6 2. Nf3 c5 3. Bf4 cxd4 4. Nxd4 e5 5. Bxe5 Qa5+ 6. Nc3 Qxe5 7. Nf3 Qa5 8. e3 Bb4 9. Qd3 0-0 10. Be2 Nd5 11. 0-0 Nxc3 12. bxc3 Bxc3 13. Rab1 a6 14. Rb3 Bf6 15. a3 Nc6 16. Nd2 d5 17. Bf3 Ne5 18. Qe2 Nxf3+ 19. Nxf3 Bg4 20. Rd1 Rfe8 21. h3 Bxf3 22. Qxf3 Rad8 23. Rxb7 Qxa3 24. Qh5 Re7 25. Rb3 Qa4 26. Rxd5 Rxd5 27. Qxd5 Qa1+ 28. Kh2 Re8 29. Qc6 Qe5+ 30. g3 a5 31. Rb5 Qe6 32. Qxe6 fxe6 33. Rxa5 Rc8 34. Ra2 Rc3 35. Kg2 Kf7 36. Kf3 Ke7 37. Ke2 Kd6 38. Kd2 Kd5 39. f3 Rc8 40. e4+ Kc4 41. Ra4+ Kb5 42. Ra7 Kc4 43. f4 e5 44. Ra4+ Kc5 45. Ra5+ Kb4 46. Rd5 exf4 47. gxf4 Rd8 48. Rxd8 Bxd8 49. Kd3 Kc5 50. c4 g5 51. fxg5 Bxg5 52. e5 Be7 53. Ke4 Kxc4 54. Kf5 Kd5 55. e6 Kd6 56. Kg4 Kxe6 57. Kh5 Kf7 58. Kh6 Kg8 59. Kh5 Kg7 60. Kg4 Kg6 61. Kf3 Kh5 62. Kg3 Bd6+ 63. Kg2 1/2-1/2

[Event "Niedersachsen-ch open"]
[Site "Verden"]
[Date "2010.01.03"]
[Round "1.35"]
[White "Jacobi, Felix Hagen"]
[Black "Kessens, Felix Magnus"]
[Result "1-0"]
[WhiteElo "1901"]
[BlackElo "1782"]
[PlyCount "107"]
[EventDate "2010.01.03"]
[EventType "swiss"]
[EventRounds "7"]
[EventCountry "GER"]
[SourceTitle "EXT 2012"]
[Source "ChessBase"]
[SourceDate "2011.11.24"]
[SourceVersion "1"]
[SourceVersionDate "2011.11.24"]
[SourceQuality "1"]

1. e4 e6 2. d4 d5 3. exd5 exd5 4. Bd3 Nf6 5. Bf4 Bd6 6. Bxd6 Qxd6 7. Nf3 Qb4+ 8. Nbd2 Qxb2 9. Qe2+ Kf8 10. 0-0 Nc6 11. Rfe1 Qa3 12. c4 Be6 13. c5 h6 14. Nb3 Nb4 15. Ne5 Re8 16. Qf3 Nxd3 17. Nxd3 Qa4 18. Re3 Bg4 19. Rxe8+ Qxe8 20. Qg3 c6 21. Re1 Be6 22. Qd6+ Kg8 23. Nf4 Ne4 24. Qc7 Kh7 25. Qxb7 a5 26. Nxa5 Qa8 27. Qxa8 Rxa8 28. Nxc6 Rxa2 29. f3 Nc3 30. Nxe6 fxe6 31. Kf1 Ra6 32. Nd8 Nb5 33. Nxe6 Kg6 34. Rb1 Nc3 35. Rb6 Ra1+ 36. Kf2 Kf7 37. Nf4 g5 38. Nd3 h5 39. Rd6 h4 40. c6 Ra2+ 41. Ke1 Nb5 42. Rxd5 Ra1+ 43. Kd2 Ra2+ 44. Kc1 Nc3 45. c7 Ne2+ 46. Kd1 Nc3+ 47. Ke1 Ra1+ 48. Kd2 Nxd5 49. Ne5+ Ke7 50. c8Q Ra2+ 51. Kd3 Ra3+ 52. Ke4 Nf6+ 53. Kf5 Ne8 54. Qd7+ 1-0

[Event "Niedersachsen-ch open"]
[Site "Verden"]
[Date "2010.01.03"]
[Round "2.54"]
[White "Kessens, Felix Magnus"]
[Black "Bischoff, Norbert"]
[Result "1-0"]
[WhiteElo "1782"]
[BlackElo "1741"]
[PlyCount "49"]
[EventDate "2010.01.03"]
[EventType "swiss"]
[EventRounds "7"]
[EventCountry "GER"]
[SourceTitle "EXT 2012"]
[Source "ChessBase"]
[SourceDate "2011.11.24"]
[SourceVersion "1"]
[SourceVersionDate "2011.11.24"]
[SourceQuality "1"]

1. e4 e6 2. d4 d5 3. Nc3 Nc6 4. e5 Nge7 5. Bg5 Qd7 6. Nf3 b6 7. a3 a5 8. Bd3 Ba6 9. Nb5 Nd8 10. a4 Bxb5 11. Bxb5 c6 12. Bd3 Nc8 13. Bf4 Be7 14. Ng5 Bxg5 15. Bxg5 Ne7 16. h4 h5 17. g4 g6 18. gxh5 Rxh5 19. Be2 Rh7 20. Qd3 Nf5 21. 0-0-0 c5 22. dxc5 bxc5 23. Qa3 Nd4 24. Rxd4 cxd4 25. Bb5 1-0